000 00210nam a2200097Ia 4500
005 20251222120855.0
008 251222s1900||||xx |||||||||||||| ||spa||
082 _aDVD0040/S82
245 0 _aAlexander:
942 _cDVD
999 _c2377
_d2377